| 000 | 01461nam a2200217Ia 4500 | ||
|---|---|---|---|
| 003 | Ost | ||
| 005 | 20260416102402.0 | ||
| 008 | 260416s9999||||xx |||||||||||||| ||und|| | ||
| 040 | _cfsecg | ||
| 041 | _aara | ||
| 082 | _a310 | ||
| 100 |
_aسمسوم، عائشة _eمؤلف |
||
| 245 | 0 |
_aمحاضرات في الإحصاء 2 / _c عائشة سمسوم |
|
| 260 |
_aالجزائر _bجامعة الجزائر3: كلية العلوم الإقتصادية، العلوم التجارية وعلوم التسيير _c2023 |
||
| 300 |
_a140 ورقة _bايضاحات _c12 سم |
||
| 504 | _aالمراجع ص.119 | ||
| 520 | _aنظرية المجموعات ،التجربة العشوائية و الحدث ، التحليل التوافقي ، الاحتمالات ، المتغيرة العشوائية المنقطعة و توزيعها الاحتمالي ، المتغيرة العشوائية المستمرة و توزيعها الاحتمالي ، المميزات العددية للمتغيرة العشوائية ، التوزيعات الاحتمالية الشهيرة للمتغيرة العشوائية المنقطعة ،التوزيعات الاحتمالية الشهيرة للمتغيرة العشوائية المستمرة . | ||
| 653 | _aالاحصاء | ||
| 710 |
_aجامعة الجزائر3: كلية العلوم الإقتصادية، العلوم التجارية وعلوم التسيير _eناشر علمي |
||
| 942 | _cHANDOUT | ||
| 999 |
_c41462 _d41462 |
||